00356 a2200109 4500001001000000005001700010008004100027245006500068100002300133773007300156999001700229ART_2599720260410161727.0260409a 10aSistemas informativos para la administración de resultados1 aSolana, Ricardo F.0 tAdministración de empresasg- Año 6, Nº 68 (nov. 1975)wREV2036 c17534d17534